| 000 | 00811cam a2200253 a 4500 | ||
|---|---|---|---|
| 999 |
_c4903 _d4903 |
||
| 003 | OSt | ||
| 005 | 20220330113701.0 | ||
| 008 | 890608s1990 paua b 001 0 eng c | ||
| 020 | _a0397508786 : | ||
| 040 | _cDLC | ||
| 050 | 0 | 0 |
_aRC681 _b.G568 1990 |
| 060 | _aWG 100 G618t | ||
| 100 | 0 |
_aGoldberger, Emanuel, _d1913- |
|
| 245 | 1 | 0 |
_aEssentials of clinical cardiology / _cEmanuel Goldberger. |
| 260 |
_aPhiladelphia : _bLippincott, _cc1990. |
||
| 300 |
_ax, 433 p. : _bill. ; _c25 cm. |
||
| 500 | _aRev. ed. of: Textbook of clinical cardiology / [edited by] Emanuel Goldberger. 1982. | ||
| 504 | _aIncludes bibliographies and index. | ||
| 650 | 0 |
_aHeart _xDiseases. |
|
| 650 | 0 | _aCardiology. | |
| 650 | 2 | _aCardiovascular Diseases. | |
| 906 |
_a7 _bcbc _corignew _d1 _eocip _f19 _gy-gencatlg |
||
| 942 |
_2lcc _cBK |
||